[Event "HUN-ch (Women)"]
[Site "Lillafured"]
[Date "1999.02.03"]
[Round "3"]
[White "Medvegy, Nora"]
[Black "Lakos, Nikoletta"]
[Result "1-0"]
[WhiteElo "2294"]
[BlackElo "2346"]

1.e4 c5 2.Nf3 d6 3.d4 cxd4 4.Nxd4 Nf6 5.Nc3 a6 6.Be3 Ng4 7.Bg5 h6 8.Bh4 g5
9.Bg3 Bg7 10.Be2 h5 11.Bxg4 Bxg4 12.f3 Bd7 13.Bf2 Nc6 14.Qd2 Ne5 15.b3 Rc8
16.Nd5 e6 17.Nf5 exd5 18.Nxg7+ Kf8 19.Nf5 Bxf5 20.exf5 Qf6 21.O-O Qxf5 22.Qxd5 Rc6
23.c4 Kg7 24.Be3 Re8 25.f4 gxf4 26.Rxf4 Qe6 27.Qd4 b5 28.cxb5 axb5 29.Raf1 Re7
30.Rf5 Kf8 31.Rxh5 Ke8 32.Bg5 Qg6 33.Rh8+ Kd7 34.Bxe7 Kxe7 35.Qa7+ Ke6 36.Re8+ Kd5  1-0

[Event "Yangon schev"]
[Site "Yangon"]
[Date "1999.02.03"]
[Round "4"]
[White "Zaw Winlay"]
[Black "Win Zaw Tun"]
[Result "1-0"]
[WhiteElo "2565"]
[BlackElo "2503"]

1.e4 c5 2.Nf3 d6 3.d4 cxd4 4.Nxd4 Nf6 5.Nc3 a6 6.Be3 e6 7.a4 Qc7 8.Be2 b6
9.f4 Bb7 10.Bf3 Be7 11.Qe2 O-O 12.O-O Nbd7 13.Rad1 Rac8 14.g4 Nc5 15.Qg2 d5
16.exd5 exd5 17.Nf5 Rfe8 18.g5 Nfe4 19.Nxd5 Bxd5 20.Rxd5 Bf8 21.Bd4 g6 22.Nh6+ Bxh6
23.gxh6 Qc6 24.Re5 Qxa4 25.c3 Nd6 26.Bd5 Qd7 27.Rxe8+ Nxe8 28.f5  1-0

[Event "HUN-ch (Women)"]
[Site "Lillafured"]
[Date "1999.02.04"]
[Round "4"]
[White "Lakos, Nikoletta"]
[Black "Csoke, Adrienn"]
[Result "1-0"]
[WhiteElo "2346"]
[BlackElo "2184"]

1.e4 c5 2.Nf3 d6 3.d4 cxd4 4.Nxd4 Nf6 5.Nc3 a6 6.Be3 e6 7.Qd2 b5 8.f3 Bb7
9.g4 h6 10.h4 Nbd7 11.Rg1 g6 12.g5 Nh5 13.O-O-O b4 14.Nce2 d5 15.gxh6 e5
16.Nb3 dxe4 17.Na5 Rb8 18.Nxb7 Rxb7 19.fxe4 Qc7 20.Ng3 Qc6 21.Nxh5 gxh5 22.Rg5 Be7
23.Rxh5 Qe6 24.Qd5 Qxd5 25.exd5 a5 26.d6 Bf8 27.Bg2 Rb8 28.Bc6 f6 29.h7 Rc8
30.Bb5 Rb8 31.Ba4 Rb7 32.Bc6 Rb8 33.Rg1 Bxd6 34.Rg8+ Ke7 35.Rg7+ Ke6 36.Bxd7+  1-0

[Event "Goodricke 10th op"]
[Site "Calcutta"]
[Date "1999.02.06"]
[Round "1"]
[White "Bakre, Tejas"]
[Black "Zagrebelny, Sergey"]
[Result "0-1"]
[WhiteElo "2330"]
[BlackElo "2505"]

1.e4 c5 2.Nf3 d6 3.d4 cxd4 4.Nxd4 Nf6 5.Nc3 a6 6.Be3 e5 7.Nf3 Be7 8.Bc4 O-O
9.O-O Nc6 10.Nd2 b5 11.Bb3 Bg4 12.f3 Be6 13.a4 b4 14.Nd5 Bxd5 15.exd5 Na5
16.Nc4 Nd7 17.Bb6 Nxb6 18.Nxa5 Qc7 19.Nc6 a5 20.c3 bxc3 21.bxc3 Bg5 22.Qe2 Nd7
23.Rab1 Nc5 24.Bc2 g6 25.Kh1 f5 26.Qb5 Rfe8 27.Qc4 Kh8 28.Rfe1 Qg7 29.g3 Bf6
30.Re2 Qc7 31.Kg2 Rec8 32.Qb5 Qf7 33.Rd1 Bd8 34.Ree1 Qf8 35.Re2 Ra6 36.Qb1 Rb6
37.Qa2 Rb7 38.Rb1 Qf7 39.Rxb7 Qxb7 40.Qa3 Qa6 41.Rxe5 dxe5 42.Qxc5 Qe2+ 43.Qf2 Qc4
44.Nxd8 Qxd5 45.Qb6 Qxd8 46.Qe6 Rc5 47.Bb3 Kg7 48.g4 fxg4 49.fxg4 Rxc3 50.Qf7+ Kh6
51.Bd5 Rc5 52.Bf3 Rc7 53.Qe6 Qd2+ 54.Kh3 Qf4  0-1

[Event "Budapest FS02 IM"]
[Site "Budapest"]
[Date "1999.02.07"]
[Round "2"]
[White "Pinter, G."]
[Black "Szeberenyi, Adam"]
[Result "1/2-1/2"]
[WhiteElo "2307"]
[BlackElo "2287"]

1.e4 c5 2.Nf3 d6 3.d4 cxd4 4.Nxd4 Nf6 5.Nc3 a6 6.Be3 Ng4 7.Bg5 h6 8.Bh4 g5
9.Bg3 Bg7 10.Qd2 Nc6 11.Nb3 Nge5 12.f3 Na5 13.Nxa5 Qxa5 14.Nd5 Qxd2+ 15.Kxd2 Rb8
16.Bf2 b5 17.c3 e6 18.Nb6 Ke7 19.a4 Nd7 20.a5 Rd8 21.Kc2 Bb7 22.Rd1 Nxb6
23.Bxb6 Rd7 24.Bd4 Bxd4 25.cxd4 Rc8+  1/2-1/2

[Event "Malaga op"]
[Site "Malaga"]
[Date "1999.02.08"]
[Round "6"]
[White "Alonso, Salvador"]
[Black "Ricardi, Pablo"]
[Result "1/2-1/2"]
[WhiteElo "2339"]
[BlackElo "2527"]

1.e4 c5 2.Nf3 d6 3.d4 cxd4 4.Nxd4 Nf6 5.Nc3 a6 6.Be3 e5 7.Nf3 h6 8.Bc4 Be7
9.h3 Nc6 10.O-O O-O 11.Bb3 b5 12.a4 Bb7 13.axb5 axb5 14.Rxa8 Bxa8 15.Qd3 Na5
16.Ba2 b4 17.Nd5 b3 18.Nxf6+ Bxf6 19.cxb3 Qb8 20.Bd2 Nc6 21.Bb1 Be7 22.Rc1 Qb7
23.Qc4 Rc8 24.b4 Bf8  1/2-1/2

[Event "Goodricke 10th op"]
[Site "Calcutta"]
[Date "1999.02.09"]
[Round "4"]
[White "Ramesh, RB."]
[Black "Das, Arghyadip"]
[Result "1/2-1/2"]
[WhiteElo "2390"]
[BlackElo "2170"]

1.e4 c5 2.Nf3 d6 3.d4 cxd4 4.Nxd4 Nf6 5.Nc3 a6 6.Be3 e6 7.g4 h6 8.h3 b5 9.a3 Bb7
10.Bg2 Nbd7 11.Nde2 Nb6 12.O-O Qc7 13.Qd3 Be7 14.f4 O-O 15.Nd4 Nfd7 16.Rad1 Rac8
17.Bc1 Nc4 18.Nde2 Rfd8 19.Kh1 Qc5 20.Qd4  1/2-1/2

[Event "Malaga op"]
[Site "Malaga"]
[Date "1999.02.09"]
[Round "7"]
[White "Korneev, Oleg"]
[Black "Herrera, Irisberto"]
[Result "1-0"]
[WhiteElo "2583"]
[BlackElo "2450"]

1.e4 c5 2.Nf3 d6 3.d4 cxd4 4.Nxd4 Nf6 5.Nc3 a6 6.Be3 e6 7.f3 b5 8.Qd2 Nbd7
9.O-O-O Bb7 10.g4 h6 11.h4 b4 12.Na4 Qa5 13.b3 Be7 14.Kb1 d5 15.Bh3 dxe4
16.g5 hxg5 17.hxg5 Nd5 18.g6 O-O-O 19.fxe4 Nc3+ 20.Nxc3 bxc3 21.Qe2 Nc5 22.gxf7 Rxh3
23.Rxh3 Bxe4 24.Bc1 e5 25.Ne6 Rxd1 26.Rh8+ Kd7 27.f8=Q  1-0

[Event "Goodricke 10th op"]
[Site "Calcutta"]
[Date "1999.02.11"]
[Round "6"]
[White "Dolmatov, Sergey"]
[Black "Zagrebelny, Sergey"]
[Result "1-0"]
[WhiteElo "2585"]
[BlackElo "2505"]

1.e4 c5 2.Nf3 d6 3.d4 cxd4 4.Nxd4 Nf6 5.Nc3 a6 6.Be3 Ng4 7.Bc1 Nf6 8.Be2 e5
9.Nb3 Be7 10.Be3 Be6 11.Qd3 Nc6 12.a3 d5 13.exd5 Nxd5 14.Nxd5 Qxd5 15.Qxd5 Bxd5
16.O-O O-O-O 17.Bb6 Rd6 18.Rfd1 Be4 19.Rxd6 Bxd6 20.Bc4 Bc7 21.Bxc7 Kxc7
22.Bxf7 Bxc2 23.Rc1 Rd8 24.Kf1 Bd3+ 25.Ke1 b6 26.Rc3 Be4 27.Bc4 a5 28.Nd2 Bd5
29.Bb5 Rd7 30.g3 Kb7 31.Bxc6+ Bxc6 32.Nc4 Re7 33.Re3 e4 34.Nd2 Re8 35.h4 Kc7
36.Rc3 b5 37.Ke2 Kd6 38.Ke3 Bd5 39.Kd4 Rf8 40.Ke3 b4 41.axb4 axb4 42.Rc1 Rf7
43.Rc8 Re7 44.Kd4 Bb7 45.Rc4 b3 46.Rb4 Rf7 47.Nc4+  1-0

[Event "Goodricke 10th op"]
[Site "Calcutta"]
[Date "1999.02.12"]
[Round "7"]
[White "Mithrakanth, Poorna Sharma"]
[Black "Suvrajit, Saha"]
[Result "1-0"]
[WhiteElo "2375"]
[BlackElo "2335"]

1.e4 c5 2.Nf3 d6 3.d4 cxd4 4.Nxd4 Nf6 5.Nc3 a6 6.Be3 e5 7.Nb3 Be6 8.f3 Nbd7
9.Qd2 b5 10.g4 h6 11.O-O-O Be7 12.Qf2 Bxg4 13.Rg1 Bh5 14.Rxg7 Bg6 15.Qg1 Nf8
16.Bh3 Nh5 17.Bb6 Qb8 18.Nd5 Bd8 19.Na5 Nf4 20.Bxd8 Ne2+ 21.Kb1 Nxg1 22.Rxg1 Qxd8
23.Nc6 Nh7 24.Nxd8 Rxd8 25.R1xg6 fxg6 26.Nc7+ Kf8 27.Ne6+ Ke8 28.Nxd8 Ng5
29.Nb7 Nxh3 30.Nxd6+ Kf8 31.Rxg6 Nf4 32.Rg1 Ke7 33.Nf5+ Kf6 34.Rd1 Nh3 35.Rd6+ Kg5
36.Rxa6 Kf4 37.Rxh6 Rxh6 38.Nxh6 Kxf3 39.Nf7 Kxe4 40.Nd6+ Kf3 41.Nxb5 e4
42.a4 e3 43.a5 Kf2 44.Nc3 Kf1 45.a6 Nf4 46.a7 Nd5 47.a8=Q  1-0

[Event "St Helier Tohmatsu op"]
[Site "St Helier"]
[Date "1999.02.14"]
[Round "1"]
[White "Clark, IC."]
[Black "Smith, Paul V"]
[Result "1-0"]
[WhiteElo "2085"]
[BlackElo "2117"]

1.e4 c5 2.Nf3 d6 3.d4 cxd4 4.Nxd4 Nf6 5.Nc3 a6 6.Be3 Qc7 7.f3 e6 8.Qd2 Bd7
9.g4 h6 10.O-O-O Nc6 11.h4 Be7 12.Rg1 Ne5 13.g5 hxg5 14.hxg5 Ng8 15.f4 Nc4
16.Bxc4 Qxc4 17.f5 e5 18.Nb3 O-O-O 19.Nd5 Qxe4 20.Qa5 Kb8 21.Qc7+ Ka8 22.Qb6 Qxc2+
23.Kxc2 Bxf5+ 24.Kd2 Rh2+ 25.Ke1 Kb8 26.Nxe7  1-0

[Event "BL2-O9899"]
[Site "Germany"]
[Date "1999.02.21"]
[Round "6.1"]
[White "Ioseliani, Nana"]
[Black "Womacka, Mathias"]
[Result "1-0"]
[WhiteElo "2495"]
[BlackElo "2475"]

1.e4 c5 2.Nf3 d6 3.d4 cxd4 4.Nxd4 Nf6 5.Nc3 a6 6.Be3 e5 7.Nb3 Be6 8.f4 exf4
9.Bxf4 Nc6 10.Qe2 Be7 11.h3 Nd7 12.O-O-O Nde5 13.Nd5 O-O 14.Kb1 Re8 15.Qf2 Bf8
16.Be3 Bxd5 17.exd5 Ne7 18.Be2 Qd7 19.Rhf1 b5 20.Bd4 N7g6 21.h4 Nc4 22.Bxc4 bxc4
23.Na5 Rac8 24.h5 Ne5 25.Qg3 h6 26.Rf4 Re7  1-0

[Event "Belisce Metalis op 6th"]
[Site "Belisce"]
[Date "1999.02.25"]
[Round "2"]
[White "Kutuzovic, Branko"]
[Black "Sertic, Rudolf"]
[Result "1-0"]
[WhiteElo "2465"]
[BlackElo "2178"]

1.e4 c5 2.Nf3 d6 3.d4 cxd4 4.Nxd4 Nf6 5.Nc3 a6 6.Be3 e6 7.g4 Be7 8.g5 Nfd7
9.h4 Qc7 10.Qh5 Ne5 11.f4 Nc4 12.Bxc4 Qxc4 13.f5 g6 14.Qf3 Nc6 15.Nxc6 bxc6
16.O-O-O e5 17.fxg6 hxg6 18.Rxd6 Bg4 19.Qxg4 Bxd6 20.Rd1 Be7 21.Qg3 Qe6 22.b3 Ba3+
23.Kb1 Qe7 24.Na4 O-O 25.Nb2 Rad8 26.Rf1 Rd7 27.Nd3 Rfd8 28.Bb6 Rb8 29.Qf2 Bd6
30.Qe3 Qe6 31.Rg1 Re7 32.Kb2 Qd7 33.Rg3 Qb7 34.Bc5 Qc7 35.Nf2 Rb5 36.Bxd6 Qxd6
37.Ng4 Qd4+ 38.Qc3 Kg7 39.Nf6 Rb8 40.Rd3 Qxc3+ 41.Kxc3 Rh8 42.Rh3 Re6 43.Kc4 Rd6
44.c3 Kf8 45.Kc5 Ke7 46.Ng4 Re6 47.a4 a5 48.c4 Rb8 49.Rd3 Rh8 50.Nf6  1-0

[Event "Belisce Metalis op 6th"]
[Site "Belisce"]
[Date "1999.02.25"]
[Round "3"]
[White "Jurkovic, Ante"]
[Black "Rogic, Davor"]
[Result "0-1"]
[WhiteElo "2309"]
[BlackElo "2475"]

1.Nf3 c5 2.e4 d6 3.d4 cxd4 4.Nxd4 Nf6 5.Nc3 a6 6.Be3 e5 7.Nf3 Be7 8.Bc4 O-O
9.O-O Nc6 10.Bg5 Ne8 11.Qd2 Nd4 12.Bxe7 Nxf3+ 13.gxf3 Qxe7 14.Nd5 Qh4 15.Kh1 Kh8
16.Rg1 Be6 17.Rg3 f5 18.Nb6 Bxc4 19.Nxa8 f4 20.Rg2 Qd8 21.Qb4 Be2 22.Qxb7 Bxf3
23.Nb6 Qh4 24.Rg1 Qxf2 25.Nc8 Qxc2  0-1

[Event "United Insurance 4th"]
[Site "Dhaka"]
[Date "1999.02.25"]
[Round "7"]
[White "Hossain, Enamul"]
[Black "Szekely, Peter"]
[Result "1/2-1/2"]
[WhiteElo "2310"]
[BlackElo "2444"]

1.e4 c5 2.Nf3 d6 3.d4 cxd4 4.Nxd4 Nf6 5.Nc3 a6 6.Be3 Ng4 7.Bg5 h6 8.Bh4 g5
9.Bg3 Bg7 10.Qd2 Nc6 11.Nb3 Nge5 12.f3 b5 13.a4 Nc4 14.Bxc4 bxc4 15.Nc1 Rb8
16.Rb1 Qa5 17.N1e2 f5 18.exf5 Bxf5 19.h4 Bg6 20.Bf2 Rf8  1/2-1/2

[Event "United Insurance 4th"]
[Site "Dhaka"]
[Date "1999.02.27"]
[Round "9"]
[White "Hossain, Enamul"]
[Black "Zagrebelny, Sergey"]
[Result "0-1"]
[WhiteElo "2310"]
[BlackElo "2506"]

1.e4 c5 2.Nf3 d6 3.d4 cxd4 4.Nxd4 Nf6 5.Nc3 a6 6.Be3 e5 7.Nb3 Be6 8.f3 Be7
9.Qd2 O-O 10.O-O-O Nbd7 11.g4 b5 12.h4 Nb6 13.Na5 Qc7 14.g5 Nh5 15.Nd5 Nxd5
16.exd5 Bd7 17.Bh3 Be8 18.Bg4 f5 19.gxf6 Bxf6 20.Kb1 Kh8 21.Rdg1 Nf4 22.Nb3 Bf7
23.Bxf4 exf4 24.Bf5 a5 25.Be4 a4 26.Nc1 a3 27.b3 Rac8 28.Rg2 Qc5 29.Ne2 Be5
30.Rd1 b4 31.Qd3 Bg8 32.Rc1 Qa5 33.Rd1 Rc5 34.Rg4 Rc7 35.Qd2 Qc5 36.Nxf4 Bxf4
37.Rxf4 Rxf4 38.Qxf4 Qc3 39.Qc1 Bf7 40.Rd3 Qf6 41.c4 Qxh4 42.Rd1 Qf6 43.Qc2 h6
44.Rg1 g5 45.Rg2 Re7 46.Kc1 Kg7 47.Kd2 Qf4+ 48.Kd3 Bg6 49.Qe2 Qe5 50.Qe1 Qf6
51.Rf2 g4  0-1

[Event "Victor Ciocaltea Memorial"]
[Site "Bucharest"]
[Date "1999.03.04"]
[Round "1"]
[White "Iordachescu, Viorel"]
[Black "Florean, Andrei"]
[Result "1-0"]
[WhiteElo "2539"]
[BlackElo "2459"]

1.e4 c5 2.Nf3 d6 3.d4 cxd4 4.Nxd4 Nf6 5.Nc3 a6 6.Be3 Ng4 7.Bg5 h6 8.Bh4 g5
9.Bg3 Bg7 10.Be2 h5 11.Bxg4 Bxg4 12.f3 Bd7 13.Bf2 Nc6 14.Nde2 b5 15.a4 b4
16.Nd5 Rb8 17.Nd4 e6 18.Nxc6 Bxc6 19.Bd4 Be5 20.Ne3 O-O 21.Bxe5 dxe5 22.Qxd8 Rfxd8
23.b3 Rd4 24.Rd1 Kg7 25.Ke2 Kg6 26.Nc4 f6 27.Rd2 g4 28.h4 gxh3 29.Rxh3 Rbd8
30.Rh1 Kg5 31.Rd3 Be8 32.Ke3 Bg6 33.g3 Rxd3+ 34.cxd3 Rc8 35.a5 Rc5 36.f4+ exf4+
37.gxf4+ Kh6 38.Rh2 e5 39.d4 exd4+ 40.Kxd4 Rc7 41.Nd6 Rc3 42.f5 Bh7 43.Ne8 Bg8
44.Nxf6 Bxb3 45.Rxh5+ Kg7 46.e5 Rc4+ 47.Ke3 Rc3+ 48.Kf4  1-0

[Event "Bucharest TIT (Women)"]
[Site "Bucharest"]
[Date "1999.03.07"]
[Round "4"]
[White "Voicu, Carmen"]
[Black "Calotescu, Cristina"]
[Result "1-0"]
[WhiteElo "2156"]
[BlackElo "2120"]

1.e4 c5 2.Nf3 d6 3.d4 cxd4 4.Nxd4 Nf6 5.Nc3 a6 6.Be3 e5 7.Nb3 Be7 8.f3 Be6
9.Qd2 O-O 10.O-O-O b5 11.g4 b4 12.Na4 Nc6 13.h4 Nd7 14.g5 Qc7 15.Kb1 Rfc8
16.Bh3 Qb7 17.Nc1 Qb5 18.b3 Rc7 19.Qf2 Nc5 20.Nb2 a5 21.h5 Bf8 22.Qg2 g6
23.Rd2 Qb7 24.hxg6 hxg6 25.Bxc5 dxc5 26.Bxe6 fxe6 27.Qh3 Kf7 28.Qh7+ Bg7
29.Rh6 Ne7 30.Nc4 Kf8 31.Nd3 a4 32.Ndxe5 Qb5 33.Rxg6 Bxe5 34.Rxe6 Nd5 35.Qf5+ Rf7
36.Qxe5 Nc3+ 37.Ka1 Rg7 38.Rf6+ Rf7 39.Qd6+  1-0

[Event "Bucharest TIT (Women)"]
[Site "Bucharest"]
[Date "1999.03.08"]
[Round "5"]
[White "Ionica, Iulia"]
[Black "Andreescu, Nicoleta Aurora"]
[Result "1/2-1/2"]
[WhiteElo "2197"]
[BlackElo "2118"]

1.e4 c5 2.Nf3 d6 3.d4 cxd4 4.Nxd4 Nf6 5.Nc3 a6 6.Be3 Ng4 7.Bg5 h6 8.Bh4 g5
9.Bg3 Bg7 10.Qd2 Nc6 11.Nb3 f5 12.f3 f4 13.Bxf4 gxf4 14.fxg4 Bxg4 15.Qxf4 h5
16.h3 Be6 17.Be2 Be5 18.Qe3 h4 19.O-O-O Bxb3 20.cxb3 Qa5 21.Bg4 Bxc3 22.Qxc3 Qxc3+
23.bxc3 Ne5 24.Bf5 Rg8 25.Rd2 Rg3 26.Kc2 Kf7 27.Rf1 e6 28.Bg4+ Ke7 29.Rf4 Nxg4
30.hxg4 Rg8 31.g5 R8xg5 32.Rxh4 Rxg2 33.Rh7+ Rg7 34.Rxg7+ Rxg7 35.Rf2 Rg3
36.Kd2 Kd7 37.a4 d5 38.exd5 exd5 39.Rf7+ Kc6 40.Rf6+ Kc5 41.Rf7 Kc6 42.Rf6+ Kc5
43.Rf7  1/2-1/2

[Event "Bucharest TIT (Women)"]
[Site "Bucharest"]
[Date "1999.03.11"]
[Round "8"]
[White "Ionica, Iulia"]
[Black "Petrenko, Svetlana"]
[Result "1/2-1/2"]
[WhiteElo "2197"]
[BlackElo "2262"]

1.e4 c5 2.Nf3 d6 3.d4 Nf6 4.Nc3 cxd4 5.Nxd4 a6 6.Be3 Ng4 7.Bg5 h6 8.Bh4 g5
9.Bg3 Bg7 10.Be2 h5 11.Bxg4 Bxg4 12.f3 Bd7 13.Bf2 e6 14.Qd2 Be5 15.g3 Nc6
16.Nb3 Qf6 17.O-O-O Qxf3 18.Rhf1 Qg4 19.Bc5 O-O-O 20.Bb6 Rdf8 21.Nc5 f6 22.Nd3 Bxc3
23.Qxc3 Qxe4 24.Rxf6 Qh7 25.Rxf8+ Rxf8 26.b4 Qf5 27.a4 Qf6 28.Qa3 Ne7 29.b5 Nd5
30.Ba5 axb5 31.Qxd6 Qe7 32.Qxe7 Nxe7 33.Ne5 Nd5 34.axb5 Bxb5 35.c4 Ba4 36.Rd2 Nc7
37.Ng6 Re8 38.Ne5 Rf8 39.Kb2 Na6 40.Ng6 Re8 41.Ne5 Nc5 42.Bb6 Nd7 43.Nxd7 Bxd7
44.Kc3 Rf8 45.Ra2 Rf3+ 46.Kd4 Bc6 47.Ra8+ Kd7 48.Rh8 h4 49.Rh7+ Ke8 50.gxh4 Rf4+  1/2-1/2

[Event "DPMM sf Chemnitz-Porz"]
[Site "Bad Godesberg"]
[Date "1999.03.13"]
[Round "?.1"]
[White "Lutz, Christopher"]
[Black "Womacka, Mathias"]
[Result "1/2-1/2"]
[WhiteElo "2610"]
[BlackElo "2475"]

1.e4 c5 2.Nf3 d6 3.d4 cxd4 4.Nxd4 Nf6 5.Nc3 a6 6.Be3 e5 7.Nb3 Be6 8.f3 Nbd7
9.Qd2 h6 10.Nd5 Nxd5 11.exd5 Bf5 12.Na5 Qc7 13.c4 b6 14.Nc6 a5 15.Be2 Nb8
16.Nxb8 Rxb8 17.O-O Be7 18.f4 exf4 19.Bxf4 Bg6 20.Rac1 O-O 21.b3 Qd8 22.Bg4 Rb7
23.a3 Bg5 24.Bxg5 Qxg5 25.Qxg5 hxg5 26.Rfe1 f5 27.Be2 Bf7 28.Bd3 g6 29.Rb1 Ra8
30.h3 Kg7 31.Rb2 Kf6 32.Kf2 Re8 33.Rxe8 Bxe8 34.Re2 Bd7 35.Kf3 Rb8 36.Ke3 Rh8
37.Kd4 Rh4+ 38.Kc3 g4 39.hxg4 Rxg4 40.b4 a4 41.Rb2 Ke5 42.Re2+ Kf6 43.Rb2 Rg3
44.Rd2 f4 45.c5 dxc5 46.bxc5 bxc5 47.Kc4 g5 48.Kxc5 g4 49.d6 f3 50.gxf3 Rxf3
51.Kb6 g3  1/2-1/2

[Event "Bucharest TIT (Women)"]
[Site "Bucharest"]
[Date "1999.03.15"]
[Round "12"]
[White "Ionica, Iulia"]
[Black "Calotescu, Cristina"]
[Result "1-0"]
[WhiteElo "2197"]
[BlackElo "2120"]

1.e4 c5 2.Nf3 d6 3.d4 cxd4 4.Nxd4 Nf6 5.Nc3 a6 6.Be3 e5 7.Nb3 Be7 8.f3 Be6
9.Qd2 O-O 10.g4 b5 11.g5 Nh5 12.Rg1 Nd7 13.Nd5 Nc5 14.Na5 Rc8 15.O-O-O Re8
16.Kb1 Bf8 17.c4 Bxd5 18.exd5 bxc4 19.Bh3 Rb8 20.Nc6 Qb6 21.Nxb8 Rxb8 22.Bf1 Qb5
23.Qc2 Na4 24.Bc1 Rc8 25.Ka1 g6 26.Qe4 f5 27.gxf6 Nxf6 28.Qc2 Nb6 29.Rxg6+ hxg6
30.Qxg6+ Bg7 31.Bh6 Ne8 32.Bh3 Rc7 33.Be6+ Kf8 34.Qf5+ Ke7 35.Qf7+ Kd8 36.Bg5+ Bf6
37.Bxf6+ Nxf6 38.Qxf6+ Re7 39.Rg1 Nxd5 40.Rg8+ Kc7 41.Bxd5 Rd7 42.Qf8 Kb6
43.Qb8+ Kc5 44.Qa8 Rc7 45.Rg4 Kb4 46.b3 Kc3 47.Bxc4 Qc5 48.Qe4 Qd4 49.Qe1+  1-0

[Event "BL2-N9899"]
[Site "Germany"]
[Date "1999.03.21"]
[Round "8.1"]
[White "Joecks, Christian"]
[Black "Maksimenko, Andrei"]
[Result "1/2-1/2"]
[WhiteElo "2415"]
[BlackElo "2500"]

1.e4 c5 2.Nf3 d6 3.d4 cxd4 4.Nxd4 Nf6 5.Nc3 a6 6.Be3 e6 7.g4 h6 8.Qf3 Nbd7
9.Qg3 b5 10.f3 Bb7 11.Bd3 Rc8 12.h4 Ne5 13.O-O-O Nxd3+ 14.Rxd3 Nd7 15.Kb1 b4
16.Nce2 Qc7 17.Rd2 d5 18.Qxc7 Rxc7 19.exd5 Bxd5 20.Rhd1 Bc5  1/2-1/2

[Event "Novgorod op"]
[Site "Novgorod"]
[Date "1999.03.21"]
[Round "3"]
[White "Filipenko, Alexander V"]
[Black "Loginov, Valery A"]
[Result "0-1"]
[WhiteElo "2360"]
[BlackElo "2532"]

1.e4 c5 2.Nf3 d6 3.d4 cxd4 4.Nxd4 Nf6 5.Nc3 a6 6.Be3 e5 7.Nb3 Be6 8.f3 Be7
9.Qd2 O-O 10.O-O-O a5 11.Bb5 Nc6 12.Kb1 Ne8 13.Nd5 Bxd5 14.Qxd5 a4 15.Nc1 a3
16.b3 Nc7 17.Qc4 d5 18.exd5 Nd4 19.Bxd4 exd4 20.Ne2 Bf6 21.Nxd4 Bxd4 22.Rxd4 Ra5
23.Ba4 b5 24.Qc5 Na6 25.Qxa3 Qb6 26.Rhd1 Rd8 27.Qe7 bxa4 28.Rf4 Rf8 29.d6 axb3
30.cxb3 Qf2 31.a4 Rc5 32.Rc1 Rxc1+ 33.Kxc1 Nc5 34.d7 Nxd7 35.Qxd7 Qe3+ 36.Qd2 Qxb3
37.Qc2 Qe3+ 38.Qd2 Rc8+ 39.Kd1 Qb3+ 40.Ke1 Qb1+ 41.Ke2 Rc2 42.Rd4 g6 43.g4 Rxd2+
44.Rxd2 Qg1 45.Kd3 Kg7 46.Rc2 Qd1+ 47.Kc3 Qxf3+ 48.Kb4 Qb7+ 49.Ka3 f5 50.gxf5 gxf5
51.a5 Qb5  0-1

[Event "Novgorod op"]
[Site "Novgorod"]
[Date "1999.03.22"]
[Round "4"]
[White "Goloshchapov, Alexander"]
[Black "Voitsekhovsky, Stanislav"]
[Result "1/2-1/2"]
[WhiteElo "2446"]
[BlackElo "2558"]

1.e4 c5 2.Nf3 d6 3.d4 cxd4 4.Nxd4 Nf6 5.Nc3 a6 6.Be3 e5 7.Nb3 Be6 8.f3 Nbd7
9.g4 h6 10.Qd2 Be7 11.O-O-O b5 12.Kb1 Nb6 13.h4 b4 14.Bxb6 Qxb6 15.Nd5 Nxd5
16.exd5 Bd7 17.Bd3 a5 18.Nc1 a4 19.Be4 g6 20.g5 b3 21.cxb3 axb3 22.Nxb3 O-O
23.Nc1 Rfb8 24.Rh2 Ra4 25.Rg2  1/2-1/2

[Event "IND-ch"]
[Site "Nagpur"]
[Date "1999.03.26"]
[Round "4"]
[White "Konguveel, Ponnuswamy"]
[Black "Deshmukh, Anup"]
[Result "1/2-1/2"]
[WhiteElo "2436"]
[BlackElo "2430"]

1.e4 c5 2.Nf3 d6 3.d4 cxd4 4.Nxd4 Nf6 5.Nc3 a6 6.Be3 e5 7.Nf3 h6 8.Bc4 Be7
9.Qe2 O-O 10.O-O Nc6 11.Rfd1 Qc7 12.Nd5 Nxd5 13.Bxd5 Kh7 14.c3 Nd8 15.a4 Be6
16.a5 Bxd5 17.exd5 f5 18.Bb6 Qd7 19.c4 Nf7 20.b4 Rac8 21.Rac1 e4 22.Nd4 Ne5
23.f4 exf3 24.Nxf3 Bf6 25.Nxe5 Bxe5 26.c5 Bf4 27.Rc4 Rfe8 28.Qc2 Be3+ 29.Kh1 dxc5
30.bxc5 Re5 31.c6 bxc6 32.dxc6 Qe6 33.h3 Qg6 34.Bxe3 Rxe3 35.c7 Re5 36.Rd8 Qg3
37.Rd1 h5 38.Rf1 g6 39.Rc3 Qh4 40.Rd3 Re7 41.Rc3 Qf6 42.Rc1 Qe5 43.Rc5 Qg3
44.Qc3 h4 45.Rc6 Rce8 46.c8=Q Re1+ 47.Rxe1 Rxe1+ 48.Qxe1 Qxe1+  1/2-1/2

[Event "Mar del Plata op 30th"]
[Site "Mar del Plata"]
[Date "1999.03.27"]
[Round "1"]
[White "Milos, Gilberto"]
[Black "Zuriel, Marisa"]
[Result "1-0"]
[WhiteElo "2586"]
[BlackElo "2070"]

1.e4 c5 2.Nf3 d6 3.d4 cxd4 4.Nxd4 Nf6 5.Nc3 a6 6.Be3 e6 7.f4 Be7 8.Qf3 Qc7
9.g4 b5 10.g5 Nfd7 11.O-O-O b4 12.Nce2 Bb7 13.f5 Nc5 14.fxe6 fxe6 15.Nf4 Bxe4
16.Nfxe6 Bxf3 17.Nxc7+ Kd8 18.Nxf3 Kxc7 19.Nd4 Nbd7 20.Nf5 Bf8 21.Bf4 Ne5
22.Ne3 Re8 23.Nd5+ Kb7 24.Nxb4 h6 25.Bg2+ Ka7 26.gxh6 gxh6 27.Rhf1 h5 28.Bxe5 dxe5
29.Rf7+ Kb8 30.Nc6+ Kc8 31.Bh3+  1-0

[Event "IND-ch"]
[Site "Nagpur"]
[Date "1999.03.27"]
[Round "5"]
[White "Bakre, Tejas"]
[Black "Suvrajit, Saha"]
[Result "1-0"]
[WhiteElo "2333"]
[BlackElo "2335"]

1.e4 c5 2.Nf3 d6 3.d4 cxd4 4.Nxd4 Nf6 5.Nc3 a6 6.Be3 e5 7.Nf3 Qc7 8.a4 Be7
9.a5 O-O 10.Be2 Be6 11.Nd5 Nxd5 12.exd5 Bf5 13.c4 Nd7 14.O-O Bg6 15.b4 f5
16.Bg5 Qd8 17.Bxe7 Qxe7 18.Rc1 Bh5 19.Nd4 Bxe2 20.Qxe2 Rf7 21.Ne6 Nf8 22.Nxf8 Rfxf8
23.c5 dxc5 24.bxc5 Rfe8 25.Qc4 Kh8 26.d6 Qd7 27.Qd5 Rac8 28.Rb1 Rc6 29.Rb6 Rxb6
30.cxb6 Rd8 31.Rc1 h6 32.h3 Qxd6 33.Qxb7 Qd2 34.Qc7 Rg8 35.b7 Qb2 36.Qc8  1-0

[Event "Czerniak mem 15th"]
[Site "Tel Aviv"]
[Date "1999.03.28"]
[Round "1"]
[White "Gershon, Alik"]
[Black "Lutz, Christopher"]
[Result "1-0"]
[WhiteElo "2467"]
[BlackElo "2610"]

1.e4 c5 2.Nf3 d6 3.d4 cxd4 4.Nxd4 Nf6 5.Nc3 a6 6.Be3 e6 7.g4 h6 8.h4 Nc6
9.Rg1 h5 10.gxh5 Nxh5 11.Be2 Nf6 12.Bg5 Qb6 13.Nb3 Bd7 14.Qd2 Rc8 15.O-O-O Qxf2
16.Be3 Qxh4 17.Bf3 Ne5 18.Rh1 Nxf3 19.Rxh4 Nxd2 20.Rxh8 Ndxe4 21.Nd2 Nxc3
22.bxc3 Nd5 23.Ne4 Ke7 24.Bf2 Nxc3 25.Nxd6 Rc6 26.Bh4+ f6 27.Bxf6+ gxf6 28.Rh7+ Kd8
29.Nxb7+ Kc7 30.Rdxd7+ Kb6 31.Nd8 Ba3+ 32.Kd2 Nb1+ 33.Kd1 Nc3+ 34.Ke1 Rc4
35.Rb7+ Ka5 36.Rb3 Bb4 37.a3 Bc5 38.Nb7+ Ka4 39.Rh4 Re4+ 40.Rxe4+ Nxe4 41.Nxc5+ Nxc5
42.Rb4+ Kxa3 43.Rc4 Nd7 44.Rc6 a5 45.Rxe6 a4 46.Kd2 Ka2 47.Rd6 Nc5 48.Rb6 a3
49.c4 f5 50.Rb5 Ne6 51.Kc3 f4 52.Re5 Nc7 53.Re4 Na6 54.Rxf4 Nc5 55.Rf2+ Kb1
56.Re2  1-0

[Event "Schloss Open A 5th"]
[Site "Werther"]
[Date "1999.03.28"]
[Round "4"]
[White "Mussgnug, Oliver"]
[Black "Cremer, Jochen"]
[Result "0-1"]
[WhiteElo "2055"]
[BlackElo "2180"]

1.e4 c5 2.Nf3 d6 3.d4 cxd4 4.Nxd4 Nf6 5.Nc3 a6 6.Be3 e5 7.Nb3 Be7 8.Bc4 Be6
9.Bd5 Nc6 10.O-O Qc7 11.Qe2 Nb4 12.Bxe6 fxe6 13.a3 Nc6 14.Qc4 Qc8 15.Bb6 O-O
16.f4 exf4 17.Rxf4 Ne5 18.Qxc8 Raxc8 19.Na5 Nfd7 20.Rxf8+ Rxf8 21.Bd4 b6
22.Bxe5 Nxe5 23.Nb3 Bg5 24.Ne2 Be3+ 25.Kh1 Ng4 26.h3 Nf2+ 27.Kh2 Nxe4 28.Nbd4 Rf2
29.Re1 Bd2 30.Rd1 e5 31.Ng3 Bf4 32.Nf5 Nxg3 33.Nxg3 Rxc2 34.Rxd6 Rxb2 35.Rd8+ Kf7
36.Rd3 e4 37.Rd5 Ke6 38.Rd4 Re2 39.Kg1 Bxg3 40.Kf1 Re1+  0-1

[Event "Rheinhessen-ch MT2"]
[Site "Woerrstadt"]
[Date "1999.03.31"]
[Round "6"]
[White "Sulic, Kresimir"]
[Black "Pela, Edward"]
[Result "1/2-1/2"]
[WhiteElo "1968"]
[BlackElo "1993"]

1.e4 c5 2.Nf3 d6 3.d4 cxd4 4.Nxd4 Nf6 5.Nc3 a6 6.Be3 e5 7.Nb3 Be7 8.f3 h6
9.Qd2 Be6 10.g4 d5 11.exd5 Nxd5 12.Nxd5 Bh4+ 13.Ke2 Bxd5 14.Na5 Nc6 15.c4 Bxf3+
16.Kxf3 Qxa5 17.Qxa5 Nxa5 18.b4 Nc6 19.Rb1 O-O 20.Bd3 e4+ 21.Bxe4 Ne5+ 22.Kg2 Nxc4
23.Bf4 Bg5 24.Bxg5 hxg5 25.Bxb7  1/2-1/2

[Event "MI Festival GM"]
[Site "Bucharest"]
[Date "1999.04.01"]
[Round "12"]
[White "Cioara, Andrei Nestor"]
[Black "Istratescu, Andrei"]
[Result "1/2-1/2"]
[WhiteElo "2398"]
[BlackElo "2549"]

1.e4 c5 2.Nf3 d6 3.d4 cxd4 4.Nxd4 Nf6 5.Nc3 a6 6.Be3 Ng4 7.Bg5 h6 8.Bh4 g5
9.Bg3 Bg7 10.Bc4 Nc6 11.Nxc6 bxc6 12.Qf3 Rf8 13.Bb3 Qa5 14.O-O Ne5 15.Qe2 Be6
16.Kh1 Qc5 17.Rfe1 a5 18.Rad1 Qb4 19.h3 Kd7 20.f4 gxf4 21.Bxf4 Kc7 22.Bd2 Qb7
23.Na4 Qb5 24.Qf2 Nd7 25.Nc3 Qh5 26.Ne2 Bxb3 27.cxb3 Bxb2 28.Ng3 Qh4 29.Qe3 e6
30.Rf1 Be5 31.Ne2 Nc5 32.Nf4 Qe7 33.a3 Rg8 34.b4 axb4 35.axb4 Nd7 36.Rc1 Qg5
37.Qe2 Qg7 38.Qb5 Bxf4 39.Qxc6+ Kd8 40.Qxa8+ Ke7 41.Qxg8 Qxg8 42.Bxf4 Qb8
43.Rb1 Qb5 44.Bxh6 f6 45.Bf4 Nb6 46.Kh2 d5 47.exd5 Nxd5 48.Bg3 e5 49.Bf2 Ke6
50.Bc5 f5 51.Rfe1 Nf4 52.Re3 e4 53.Rb2 Nd3 54.Rbe2 Qb8+ 55.Kh1 Qf4 56.Kg1 Kd5
57.g3 Qg5 58.Kf1 Qg7 59.Rd2 Qa1+ 60.Kg2 Kc4 61.Rc2+ Kb5 62.Rce2 Qg7 63.Kf1 Qh6
64.Kg2 Qg6 65.Kf1 Qg7 66.Rd2 Kc4 67.Rc2+ Kb5 68.Rd2 Qc3 69.Ke2  1/2-1/2